| 000 | 00410nam a2200157Ia 4500 | ||
|---|---|---|---|
| 008 | 230314s9999 xx 000 0 und d | ||
| 020 | _a978-93-85891-54-0 | ||
| 041 | _aeng | ||
| 082 | _aF/610.73/CLE/B08617 | ||
| 100 |
_aClement I _9119826 |
||
| 245 | _aTextbook of Nursing Foundation | ||
| 260 |
_bJaico Publishing House _aNew Delhi _c2017 |
||
| 300 | _a998p | ||
| 906 | _b02 | ||
| 999 |
_c142061 _d142061 |
||